00563nam a22001697a 450000500170000001000150001702000300003203500140006203700090007608200100008510000230009524500620011826000560018027001180023630000220035470000170037620220117101647.0 aENG-131156 a978-1-942426-53-0c149.00 aEN-114688 bDBAD a230.1 aVaidya, Kaajal Oza aKrishnayan:cKaajal Oza Vaidya, Translated by Subha Pande aChennaibWestland Publication Private Limitedc2021 bChennaia1st Floor, A Block, East Wing, Plot NO. 40, SP Infocity, Dr. MGR Salai, Perungudi, Kandanchavadie600096 a266.p.c20cm(pbk) aPande, Subha